[Event "Open Loire 2011-2012"]
[Site "LOIRE"]
[Date "2012.04.28"]
[Round "8.17"]
[White "Acikgoz, Tuncay"]
[Black "Laffin, Mickael"]
[Result "1-0"]
[WhiteElo "1310"]
[BlackElo "1100"]
[PlyCount "55"]
[EventDate "2012.??.??"]

1. e4 e5 2. f4 d6 3. Nf3 Nc6 4. Bc4 g6 5. O-O Be6 6. Bxe6 fxe6 7. Nc3 exf4 8.
d3 e5 9. d4 Bg7 10. dxe5 Bxe5 11. Nxe5 dxe5 12. Nd5 Nf6 13. c4 Nxe4 14. Qg4 O-O
15. g3 Nd4 16. gxf4 b5 17. fxe5 bxc4 18. Rxf8+ Qxf8 19. Qxe4 Qc5 20. Nf6+ Kg7
21. Kf1 Rb8 22. Be3 Rd8 23. Rd1 Qc6 24. Rxd4 Qxe4 25. Nxe4 Rb8 26. Rd7+ Kf8 27.
Bh6+ Ke8 28. Nf6# 1-0

[Event "Open Loire 2011-2012"]
[Site "LOIRE"]
[Date "2012.04.28"]
[Round "8.18"]
[White "Sabatier, Baptiste"]
[Black "Lempereur, Theo"]
[Result "0-1"]
[WhiteElo "1199"]
[BlackElo "1270"]
[PlyCount "80"]
[EventDate "2012.??.??"]

1. e4 e5 2. Nf3 Nc6 3. Bc4 Bc5 4. O-O Nf6 5. Nc3 d6 6. Bb5 Bg4 7. h3 Bxf3 8.
Qxf3 Qd7 9. d4 Bxd4 10. Ne2 a6 11. Bc4 b5 12. Bd3 Nb4 13. a3 Nxd3 14. cxd3 a5
15. Be3 Bxb2 16. Rab1 Bxa3 17. d4 b4 18. dxe5 dxe5 19. Rfd1 Qc6 20. Bc1 Qc2 21.
Rd2 Qxb1 22. Qf5 Qb3 23. Qxe5+ Kf8 24. Qc5+ Kg8 25. Qc6 Re8 26. Rd7 Nxd7 27.
Qxd7 Kf8 28. Qb5 Qd1+ 29. Kh2 Bxc1 30. Qc5+ Kg8 31. Nd4 Bf4+ 32. g3 b3 33. gxf4
b2 34. Nf5 b1=Q 35. Qxc7 Qh1+ 36. Kg3 Qd3+ 37. Kg4 Qg2+ 38. Kh5 Qdxh3+ 39. Nh4
g6+ 40. Kh6 Qxh4# 0-1

[Event "Open Loire 2011-2012"]
[Site "LOIRE"]
[Date "2012.05.26"]
[Round "9.1"]
[White "Carteron, Olivier"]
[Black "Joly, Christian"]
[Result "1-0"]
[WhiteElo "1640"]
[BlackElo "1680"]
[PlyCount "113"]
[EventDate "2012.??.??"]

1. d4 Nf6 2. Nf3 g6 3. Bf4 Bg7 4. Nbd2 O-O 5. e4 d6 6. Bd3 c6 7. c3 Na6 8. e5
Nd5 9. Bg3 dxe5 10. Bxe5 f6 11. Bg3 Nac7 12. O-O Kh8 13. Re1 b5 14. Nb3 a5 15.
Nc5 Na6 16. Ne6 Bxe6 17. Rxe6 Qd7 18. Qe2 Rad8 19. Bxb5 cxb5 20. Rxa6 a4 21.
Ra5 b4 22. Qc4 e6 23. cxb4 Rc8 24. Rc5 f5 25. Ne5 Qb7 26. a3 f4 27. Bh4 Rxc5
28. Qxc5 Rc8 29. Qd6 Qc7 30. Qc5 Qb7 31. Qa5 Qc7 32. Qxa4 Qc1+ 33. Qd1 Qxb2 34.
Nd3 Qxd4 35. Rc1 Re8 36. Nc5 Qb2 37. Rb1 Qxa3 38. Nxe6 Nc3 39. Qd7 Rg8 40. Re1
h6 41. Nxg7 Ne2+ 42. Kf1 Rxg7 43. Bf6 Ng3+ 44. hxg3 Qa6+ 45. Kg1 Qxf6 46. Re8+
Kh7 47. Qc8 g5 48. Rh8+ Kg6 49. g4 f3 50. Qc2+ Kf7 51. b5 Qa1+ 52. Kh2 Qe5+ 53.
g3 Qe2 54. Qc7+ Kg6 55. Qd6+ Kf7 56. Qd7+ Kg6 57. Qf5# 1-0

[Event "Open Loire 2011-2012"]
[Site "LOIRE"]
[Date "2012.05.26"]
[Round "9.2"]
[White "Frey, Thierry"]
[Black "Libiszewski, Christian"]
[Result "0-1"]
[WhiteElo "1831"]
[BlackElo "1550"]
[PlyCount "44"]
[EventDate "2012.??.??"]

1. e4 e6 2. d4 d5 3. Nc3 Nf6 4. Bg5 Be7 5. e5 Nfd7 6. h4 Bxg5 7. hxg5 Qxg5 8.
Nf3 Qe7 9. Bd3 h6 10. Nh4 a6 11. f4 c5 12. Nxd5 exd5 13. Nf5 Qf8 14. Nd6+ Kd8
15. Qf3 cxd4 16. Qxd5 Rg8 17. Qa5+ Ke7 18. Qb4 Kd8 19. Qa5+ Ke7 20. Nf5+ Ke8
21. Bc4 Nc6 22. Nd6+ Qxd6 0-1

[Event "Open Loire 2011-2012"]
[Site "LOIRE"]
[Date "2012.05.26"]
[Round "9.3"]
[White "Benakila, Samir"]
[Black "Pradel, Philippe"]
[Result "1/2-1/2"]
[WhiteElo "1630"]
[BlackElo "1590"]
[PlyCount "79"]
[EventDate "2012.??.??"]

1. e4 c5 2. Nc3 d6 3. Bb5+ Bd7 4. Bxd7+ Nxd7 5. Nf3 Ngf6 6. d3 e6 7. O-O Be7 8.
Bf4 a6 9. Qe2 O-O 10. Rad1 b5 11. Qd2 Nh5 12. Be3 b4 13. Ne2 e5 14. c3 a5 15.
Rc1 Kh8 16. Ng3 Nxg3 17. fxg3 Nf6 18. Bg5 h6 19. Bxf6 Bxf6 20. c4 Qd7 21. Rf2
Be7 22. Rcf1 f5 23. Nh4 Bxh4 24. gxh4 f4 25. g3 g5 26. hxg5 hxg5 27. h3 Kg7 28.
g4 Rh8 29. Rh2 Rh6 30. Kf2 Rf8 31. Kf3 Rfh8 32. Rfh1 Kf6 33. Qe1 Qa4 34. b3 Qd7
35. h4 gxh4 36. Rxh4 Kg5 37. Rh5+ Rxh5 38. Rxh5+ Rxh5 39. gxh5 Qg4+ 40. Kf2
1/2-1/2

[Event "Open Loire 2011-2012"]
[Site "LOIRE"]
[Date "2012.05.26"]
[Round "9.4"]
[White "Doran, Niall"]
[Black "Buisine, Roman"]
[Result "1/2-1/2"]
[WhiteElo "1687"]
[BlackElo "1651"]
[PlyCount "80"]
[EventDate "2012.??.??"]

1. e4 c5 2. Nf3 d6 3. c3 Nf6 4. Be2 Nc6 5. d4 cxd4 6. cxd4 d5 7. e5 Nd7 8. Nc3
e6 9. O-O Be7 10. Be3 O-O 11. Rc1 Nb6 12. Nd2 Bd7 13. f4 Rc8 14. Bd3 Nb4 15.
Bb1 Nc4 16. Nxc4 Rxc4 17. a3 Na6 18. Qh5 g6 19. Qh6 Re8 20. Rf3 Bf8 21. Qg5
Qxg5 22. fxg5 Rec8 23. Rcf1 Be8 24. h4 Bxa3 25. Nxd5 exd5 26. bxa3 Rc3 27. Ba2
Nc7 28. Bf4 Rxf3 29. gxf3 Ne6 30. Rc1 Rxc1+ 31. Bxc1 Nxd4 32. Kf2 Bc6 33. Be3
Nf5 34. Bxa7 Nxh4 35. Bb1 Bd7 36. Ba2 Be6 37. Bb1 Nf5 38. Bxf5 gxf5 39. Ke3 Kg7
40. f4 h6 1/2-1/2

[Event "Open Loire 2011-2012"]
[Site "LOIRE"]
[Date "2012.05.26"]
[Round "9.5"]
[White "Rasle, Corentin"]
[Black "Liogier, Pascal"]
[Result "1-0"]
[WhiteElo "1660"]
[BlackElo "1670"]
[PlyCount "91"]
[EventDate "2012.??.??"]

1. d4 f5 2. c4 Nf6 3. Nc3 e6 4. Bg5 Be7 5. Nf3 O-O 6. e3 b6 7. Bd3 Bb7 8. O-O
Ne4 9. Bxe7 Qxe7 10. Qc2 Nxc3 11. bxc3 Bxf3 12. gxf3 d6 13. e4 Nd7 14. Kh1 f4
15. e5 Qh4 16. Rg1 dxe5 17. Rg4 Qh3 18. Rag1 Rf7 19. R4g2 Raf8 20. Qe2 Kh8 21.
dxe5 Nc5 22. Bc2 Rg8 23. a4 a5 24. Rd1 g5 25. Rdg1 h6 26. Qd1 Rfg7 27. Qe2 h5
28. Bd1 g4 29. fxg4 Rxg4 30. Rxg4 Rxg4 31. Rxg4 Qxg4 32. Qxg4 hxg4 33. Bxg4 Kg7
34. Kg2 Kg6 35. h4 Kf7 36. Kf3 Nxa4 37. Kxf4 Nxc3 38. h5 a4 39. h6 a3 40. Bxe6+
Kf8 41. c5 a2 42. h7 Kg7 43. Bxa2 Nxa2 44. e6 Nc3 45. Ke5 Nb5 46. e7 1-0

[Event "Open Loire 2011-2012"]
[Site "LOIRE"]
[Date "2012.05.26"]
[Round "9.6"]
[White "Buisson, Sebastien"]
[Black "Allabrune, Guillaume"]
[Result "0-1"]
[WhiteElo "1530"]
[BlackElo "1650"]
[PlyCount "60"]
[EventDate "2012.??.??"]

1. e4 e5 2. Nf3 Nc6 3. Bc4 Bc5 4. Nxe5 Qh4 5. O-O Nxe5 6. d4 c6 7. Be2 Bb6 8.
dxe5 Qxe4 9. Bf3 Qd4 10. c3 Qc5 11. Be3 Qc4 12. Bxb6 axb6 13. b3 Qe6 14. Re1
Ne7 15. c4 O-O 16. Nc3 Ng6 17. Bg4 f5 18. exf6 Qxf6 19. Ne4 Qb2 20. Re2 Qa3 21.
Nd6 h5 22. Bf3 Rf6 23. Re8+ Nf8 24. Ne4 Re6 25. Rxe6 Nxe6 26. Bxh5 Nf4 27. Ng5
Qb2 28. Rc1 Nxh5 29. Rc2 Qf6 30. Qxh5 Qa1+ 0-1

[Event "Open Loire 2011-2012"]
[Site "LOIRE"]
[Date "2012.05.26"]
[Round "9.7"]
[White "Rasle, Jean-Michel"]
[Black "Ben Habchi, Nordine"]
[Result "1-0"]
[WhiteElo "1640"]
[BlackElo "1450"]
[PlyCount "91"]
[EventDate "2012.??.??"]

1. d4 c5 2. d5 d6 3. c4 Bf5 4. Nc3 Nf6 5. Nf3 Nbd7 6. h3 Ne4 7. Nxe4 Bxe4 8.
Bf4 Bxf3 9. exf3 g6 10. Rc1 Bg7 11. b3 O-O 12. Bd3 Qa5+ 13. Qd2 Qxd2+ 14. Bxd2
Ne5 15. Bb1 Rfe8 16. O-O e6 17. f4 Nd7 18. dxe6 Rxe6 19. Rfe1 Rae8 20. Rxe6
Rxe6 21. Be3 f5 22. Rd1 b6 23. g4 fxg4 24. hxg4 h6 25. f5 gxf5 26. Bxf5 Re7 27.
Rxd6 Ne5 28. Rd8+ Kf7 29. Kg2 Nc6 30. Rd7 Rxd7 31. Bxd7 Ne5 32. Bf5 Nc6 33. Bf4
Nd4 34. Bd7 Ne2 35. Bb8 a6 36. Ba7 Ke7 37. Bf5 Nf4+ 38. Kf3 Be5 39. Bxb6 Nh3
40. Bxc5+ Kf6 41. Bb6 Ng1+ 42. Kg2 Ne2 43. c5 Nf4+ 44. Kf3 Nd5 45. Bd8+ Kf7 46.
Ke4 1-0

[Event "Open Loire 2011-2012"]
[Site "LOIRE"]
[Date "2012.05.26"]
[Round "9.8"]
[White "Martin, Julien"]
[Black "Trottet, Francois"]
[Result "1-0"]
[WhiteElo "1460"]
[BlackElo "1440"]
[PlyCount "43"]
[EventDate "2012.??.??"]

1. e4 c5 2. Nf3 g6 3. Nc3 Bg7 4. Bc4 e6 5. O-O Ne7 6. d4 cxd4 7. Nxd4 Nbc6 8.
Nxc6 Nxc6 9. Qf3 O-O 10. Nb5 Ne5 11. Qe2 Nxc4 12. Qxc4 d5 13. exd5 Qxd5 14.
Qxd5 exd5 15. Nc7 Rb8 16. Nxd5 Re8 17. Bf4 Be5 18. Rfe1 Bf5 19. Bxe5 Rbc8 20.
Nf6+ Kf8 21. Nxe8 Rxe8 22. Bd6+ 1-0

[Event "Open Loire 2011-2012"]
[Site "LOIRE"]
[Date "2012.05.26"]
[Round "9.9"]
[White "Boeuf, Jeremy"]
[Black "Mazet, Christian"]
[Result "0-1"]
[WhiteElo "1596"]
[BlackElo "1540"]
[PlyCount "44"]
[EventDate "2012.??.??"]

1. e4 c5 2. f4 d6 3. Nf3 Bg4 4. Bc4 e6 5. O-O Nf6 6. Nc3 Be7 7. d3 Nc6 8. Ne2
O-O 9. a3 Na5 10. Ba2 b5 11. Bd2 Qc7 12. Qe1 Nc6 13. Ng5 h6 14. Nf3 a5 15. h3
Bxf3 16. Rxf3 c4 17. dxc4 bxc4 18. Nc3 Nd4 19. Qg3 Nxf3+ 20. gxf3 Qc5+ 21. Kh2
Nh5 22. Qg4 Qf2+ 0-1

[Event "Open Loire 2011-2012"]
[Site "LOIRE"]
[Date "2012.05.26"]
[Round "9.10"]
[White "Brachet, Gerard"]
[Black "Jandeau, Cyril"]
[Result "0-1"]
[WhiteElo "1350"]
[BlackElo "1480"]
[PlyCount "64"]
[EventDate "2012.??.??"]

1. d4 f5 2. c4 Nf6 3. Nf3 e6 4. Nc3 Be7 5. a3 d6 6. e3 O-O 7. b4 Nbd7 8. Bd3 b6
9. e4 fxe4 10. Nxe4 Bb7 11. Nxf6+ Nxf6 12. O-O Qe8 13. Bg5 Bxf3 14. Qxf3 Nh5
15. Qg4 Bxg5 16. Qxg5 Nf4 17. Rad1 Rf6 18. Be4 Rd8 19. d5 e5 20. Qg4 Qe7 21. g3
h5 22. Qh4 Ne2+ 23. Kh1 Qf7 24. Rd3 Rf8 25. Bh7+ Kh8 26. f3 g6 27. Bxg6 Qxg6
28. Re3 Nd4 29. Re4 Nxf3 30. Rxf3 Rxf3 31. Rg4 Qxg4 32. Qxg4 hxg4 0-1

[Event "Open Loire 2011-2012"]
[Site "LOIRE"]
[Date "2012.05.26"]
[Round "9.11"]
[White "Barrandon, Georges"]
[Black "Mialon, Franck"]
[Result "1-0"]
[WhiteElo "1450"]
[BlackElo "1350"]
[PlyCount "71"]
[EventDate "2012.??.??"]

1. d4 d5 2. Nf3 c6 3. Bf4 e6 4. e3 f5 5. c4 Nf6 6. Be2 Be7 7. h3 O-O 8. O-O
Nbd7 9. Nc3 Ne4 10. Nxe4 fxe4 11. Ne5 Rf5 12. Bg4 Nxe5 13. Bxf5 Nf3+ 14. gxf3
exf5 15. Kh2 Bd6 16. Bxd6 Qxd6+ 17. f4 Qh6 18. Rg1 Be6 19. c5 Bf7 20. Rg3 Bh5
21. Qd2 Rf8 22. Rag1 Bg4 23. Qa5 Qh4 24. Qxa7 Rf6 25. Qb8+ Rf8 26. Qxb7 Rf7 27.
Qc8+ Rf8 28. Qxc6 Rf6 29. Qe8+ Rf8 30. Qe6+ Kh8 31. c6 Qd8 32. hxg4 Qh4+ 33.
Kg2 Qd8 34. Qd7 Qb8 35. c7 Qb7 36. Qd8 1-0

[Event "Open Loire 2011-2012"]
[Site "LOIRE"]
[Date "2012.05.26"]
[Round "9.12"]
[White "Daillere, Roland"]
[Black "Rogues, Jean-Luc"]
[Result "1-0"]
[WhiteElo "1230"]
[BlackElo "1410"]
[PlyCount "101"]
[EventDate "2012.??.??"]

1. d4 d5 2. Nf3 e6 3. Bf4 c5 4. c3 Nc6 5. e3 a6 6. Nbd2 Bd6 7. Bxd6 Qxd6 8. Be2
Nf6 9. Ng5 e5 10. Ndf3 Bg4 11. h3 Bxf3 12. Nxf3 O-O 13. O-O c4 14. Qc2 e4 15.
Nd2 b5 16. f3 Rfe8 17. fxe4 dxe4 18. Bg4 Nxg4 19. hxg4 Qe6 20. Rf4 Qh6 21. Raf1
Re7 22. Nxe4 Rae8 23. g5 Qg6 24. Nf6+ gxf6 25. Qxg6+ fxg6 26. gxf6 Rf7 27. e4
Nd8 28. d5 Re5 29. Rd1 g5 30. Rg4 Rxf6 31. d6 h5 32. Rg3 Rf4 33. Rd5 Rfxe4 34.
Rxe5 Rxe5 35. Rf3 Re6 36. Rf5 Rg6 37. Re5 Kf8 38. d7 Ne6 39. Rxe6 Rxe6 40.
d8=Q+ Re8 41. Qxg5 Re7 42. Qxh5 Rf7 43. Qh6+ Ke7 44. Qxa6 Rf5 45. Qb6 Kf7 46.
a4 bxa4 47. Qb4 Kg6 48. Qxc4 Kg5 49. Qd4 Rf4 50. Qe3 Kg4 51. c4 1-0

[Event "Open Loire 2011-2012"]
[Site "LOIRE"]
[Date "2012.05.26"]
[Round "9.13"]
[White "Lempereur, Theo"]
[Black "Acikgoz, Tuncay"]
[Result "0-1"]
[WhiteElo "1260"]
[BlackElo "1310"]
[PlyCount "72"]
[EventDate "2012.??.??"]

1. e4 e5 2. Nf3 d6 3. Nc3 f5 4. d3 Nf6 5. Bg5 h6 6. Bh4 g5 7. Bg3 f4 8. Bxf4
gxf4 9. g3 fxg3 10. hxg3 Nc6 11. Bh3 Bxh3 12. Rxh3 Qd7 13. Ng5 Bg7 14. f4 hxg5
15. Rxh8+ Bxh8 16. fxg5 Ng4 17. Qe2 Nd4 18. Qd2 Nf3+ 19. Ke2 Nxd2 20. Kxd2
O-O-O 21. Rh1 Nf2 22. Rh5 Qg4 23. Rh2 Qxg3 24. Rh5 Qf4+ 25. Ke1 Rf8 26. Rxh8
Rxh8 27. Ne2 Rh1+ 28. Ng1 Rxg1+ 29. Ke2 Nxe4 30. dxe4 Qxe4+ 31. Kf2 Qe1+ 32.
Kf3 Rf1+ 33. Kg4 Qe2+ 34. Kg3 Qf2+ 35. Kh3 Qf3+ 36. Kh4 Rh1# 0-1

[Event "Open Loire 2011-2012"]
[Site "LOIRE"]
[Date "2012.05.26"]
[Round "9.14"]
[White "Niceto, Pierrick"]
[Black "Pogosian, Gor"]
[Result "0-1"]
[WhiteElo "1170"]
[BlackElo "1170"]
[PlyCount "58"]
[EventDate "2012.??.??"]

1. e4 e5 2. Nf3 Nc6 3. Bc4 h6 4. d4 Nf6 5. Nc3 exd4 6. Nxd4 Bb4 7. f3 Bxc3+ 8.
bxc3 Na5 9. Qd3 Nxc4 10. Qxc4 O-O 11. Ba3 d6 12. f4 Nxe4 13. Bb2 Qh4+ 14. g3
Qe7 15. O-O Nd2 16. Qd3 Nxf1 17. Qxf1 Qe3+ 18. Kh1 Qe4+ 19. Nf3 Qxc2 20. Rb1
Bh3 21. Qg1 Qe4 22. Rf1 Bxf1 23. Qxf1 Qc2 24. Qa1 Qe2 25. Nh4 Qe4+ 26. Ng2 c5
27. c4 f6 28. Qd1 Qxc4 29. Qxd6 Qf1# 0-1

[Event "Open Loire 2011-2012"]
[Site "LOIRE"]
[Date "2012.05.26"]
[Round "9.15"]
[White "Choquelle, Jean"]
[Black "Laffin, Mickael"]
[Result "1-0"]
[WhiteElo "1140"]
[BlackElo "1100"]
[PlyCount "99"]
[EventDate "2012.??.??"]

1. c4 e5 2. Nc3 Nc6 3. e3 Bc5 4. d3 a6 5. Nf3 d6 6. a3 Nf6 7. Be2 O-O 8. Rb1
Bf5 9. Nd5 Nxd5 10. cxd5 Ne7 11. e4 Bd7 12. b4 Bb6 13. Bb2 c5 14. Bc3 a5 15. b5
Bxb5 16. Rxb5 h6 17. Bd2 Qd7 18. Rb1 Ba7 19. Bxa5 Bb8 20. Bd2 Rxa3 21. O-O b5
22. Nh4 c4 23. Bg4 f5 24. Bh5 Rxd3 25. Ng6 Nxg6 26. Bxg6 fxe4 27. Bxe4 Rd4 28.
Bf3 Rd3 29. Bg4 Qb7 30. Qe2 Qxd5 31. Bf3 Rfxf3 32. Rbe1 Rf5 33. Bc1 Rc3 34. Qa2
b4 35. Qa4 b3 36. Qe8+ Kh7 37. Qxb8 Rc2 38. Be3 Qd3 39. Rd1 Qc3 40. Qxd6 Rh5
41. Qd5 b2 42. Qe4+ Kg8 43. Rd8+ Kf7 44. Qb7+ Kg6 45. Qe4+ Kf6 46. Qc6+ Kf5 47.
Qf3+ Ke6 48. Qc6+ Kf5 49. Rf8+ Kg4 50. Qe4# 1-0

[Event "Open Loire 2011-2012"]
[Site "LOIRE"]
[Date "2012.05.26"]
[Round "10.1"]
[White "Rasle, Corentin"]
[Black "Carteron, Olivier"]
[Result "1/2-1/2"]
[WhiteElo "1660"]
[BlackElo "1640"]
[PlyCount "47"]
[EventDate "2012.??.??"]

1. d4 d5 2. c4 c6 3. Nc3 Nf6 4. Nf3 dxc4 5. e4 b5 6. a4 b4 7. e5 Nd5 8. Ne4 Bf5
9. Ng3 Bg4 10. Bxc4 e6 11. h3 Bxf3 12. Qxf3 Be7 13. O-O O-O 14. Nh5 g6 15. Qg4
Kh8 16. Bd3 Rg8 17. Bh6 Bf8 18. Bxf8 Qxf8 19. Nf6 Nxf6 20. exf6 Qd8 21. Qf4 Nd7
22. Be4 Qxf6 23. Qxf6+ Nxf6 24. Bxc6 1/2-1/2

[Event "Open Loire 2011-2012"]
[Site "LOIRE"]
[Date "2012.05.26"]
[Round "10.2"]
[White "Libiszewski, Christian"]
[Black "Pradel, Philippe"]
[Result "1-0"]
[WhiteElo "1550"]
[BlackElo "1590"]
[PlyCount "77"]
[EventDate "2012.??.??"]

1. e4 c5 2. d4 cxd4 3. c3 dxc3 4. Nxc3 d6 5. Nf3 Nf6 6. h3 e5 7. Bc4 h6 8. Qe2
a6 9. O-O Be7 10. Rd1 Qc7 11. Be3 Bd7 12. Rac1 Nc6 13. Nd5 Nxd5 14. exd5 Nd8
15. Bxa6 Qb8 16. Bb5 Bxb5 17. Qxb5+ Kf8 18. Bb6 g6 19. Bc7 Qa7 20. a3 $11 Kg7
21. Bb6 Qa6 22. Qxa6 Rxa6 23. Bc7 Bf6 24. Nd2 Bg5 25. Rc4 f5 26. Rb4 Re8 27.
Bxd8 Bxd8 28. Rxb7+ Re7 29. Rxe7+ Bxe7 30. Nc4 e4 31. b4 Bd8 32. b5 Ra4 33.
Nxd6 Rxa3 34. Rb1 Bb6 35. Nc8 Bd4 36. b6 Ra1 37. Rxa1 Bxa1 38. b7 Be5 39. d6
1-0

[Event "Open Loire 2011-2012"]
[Site "LOIRE"]
[Date "2012.05.26"]
[Round "10.3"]
[White "Doran, Niall"]
[Black "Benakila, Samir"]
[Result "1-0"]
[WhiteElo "1687"]
[BlackElo "1630"]
[PlyCount "50"]
[EventDate "2012.??.??"]

1. e4 c5 2. Nf3 Nc6 3. c3 d5 4. exd5 Qxd5 5. d4 Bg4 6. Be2 cxd4 7. cxd4 e6 8.
Nc3 Qd8 9. Qa4 Nge7 10. Bg5 f6 11. Bf4 Nd5 12. Nxd5 Qxd5 13. O-O Qe4 14. Be3
Bd6 15. Rad1 O-O 16. h3 Bh5 17. Ng5 fxg5 18. Bxh5 g6 19. Be2 Bf4 20. Bf3 Qf5
21. Bxc6 bxc6 22. Qxc6 Rac8 23. Qa6 Rc2 24. b3 Bxe3 25. fxe3 Qe4 1-0

[Event "Open Loire 2011-2012"]
[Site "LOIRE"]
[Date "2012.05.26"]
[Round "10.4"]
[White "Buisine, Roman"]
[Black "Rasle, Jean-Michel"]
[Result "1-0"]
[WhiteElo "1651"]
[BlackElo "1640"]
[PlyCount "87"]
[EventDate "2012.??.??"]

1. e4 e6 2. d4 d5 3. e5 c5 4. c3 Qb6 5. Nf3 Nc6 6. a3 Bd7 7. Be2 cxd4 8. cxd4
Nge7 9. b4 Nf5 10. Bb2 Be7 11. O-O O-O 12. Bd3 a6 13. Bxf5 exf5 14. Nc3 Be6 15.
Rc1 Na5 16. Na4 Qb5 17. bxa5 Qxa5 18. Bc3 Qd8 19. Bb4 b5 20. Bxe7 Qxe7 21. Nc5
a5 22. Rb1 Rfb8 23. Qd2 Qd8 24. h3 Qb6 25. Ng5 Bc8 26. Qa2 h6 27. Nf3 Be6 28.
Qb3 g5 29. Rb2 g4 30. hxg4 fxg4 31. Nh2 h5 32. Qe3 b4 33. a4 Qd8 34. Qh6 Qh4
35. Nxe6 fxe6 36. Qxe6+ Kh8 37. Qf6+ Qxf6 38. exf6 b3 39. Rfb1 Rb4 40. Rxb3
Rab8 41. Rxb4 Rxb4 42. Rxb4 axb4 43. Nf1 b3 44. a5 1-0

[Event "Open Loire 2011-2012"]
[Site "LOIRE"]
[Date "2012.05.26"]
[Round "10.5"]
[White "Joly, Christian"]
[Black "Frey, Thierry"]
[Result "0-1"]
[WhiteElo "1680"]
[BlackElo "1831"]
[PlyCount "38"]
[EventDate "2012.??.??"]

1. d4 Nf6 2. Nf3 g6 3. Bg5 Bg7 4. Qd2 Ne4 5. Qe3 Nxg5 6. Qxg5 O-O 7. Nc3 d6 8.
O-O-O Nd7 9. h4 Nf6 10. e4 Ng4 11. Rd2 c6 12. Nh2 Bh6 13. Nxg4 Bxg5 14. hxg5
Bxg4 15. f3 Bd7 16. g4 Kg7 17. b3 Rh8 18. Be2 e5 19. dxe5 Qxg5 0-1

[Event "Open Loire 2011-2012"]
[Site "LOIRE"]
[Date "2012.05.26"]
[Round "10.6"]
[White "Allabrune, Guillaume"]
[Black "Mazet, Christian"]
[Result "0-1"]
[WhiteElo "1650"]
[BlackElo "1540"]
[PlyCount "49"]
[EventDate "2012.??.??"]

1. e4 c5 2. Bc4 e6 3. Nc3 Nc6 4. d3 Nf6 5. Bg5 Be7 6. Nf3 d6 7. O-O O-O 8. d4
cxd4 9. Nxd4 a6 10. Re1 Ne5 11. Bb3 Qc7 12. Re3 Nfg4 13. Bxe7 Nxe3 14. fxe3
Qxe7 15. Qh5 Bd7 16. Rf1 Ng6 17. Nf3 h6 18. h4 Rac8 19. g4 Rc5 20. g5 b5 21.
Qg4 hxg5 22. hxg5 Ne5 23. Nxe5 Rxe5 24. Kf2 Rxg5 25. Qh3 0-1

[Event "Open Loire 2011-2012"]
[Site "LOIRE"]
[Date "2012.05.26"]
[Round "10.7"]
[White "Liogier, Pascal"]
[Black "Martin, Julien"]
[Result "1-0"]
[WhiteElo "1670"]
[BlackElo "1460"]
[PlyCount "59"]
[EventDate "2012.??.??"]

1. d4 d5 2. Nc3 e6 3. f3 Nf6 4. Bg5 Be7 5. Qd3 Nfd7 6. Bxe7 Qxe7 7. O-O-O c5 8.
dxc5 Nxc5 9. Qd4 Nc6 10. Qxg7 Rf8 11. e4 d4 12. Nb5 e5 13. Bc4 a6 14. Na3 Na4
15. Ne2 Qb4 16. Bb3 Nc5 17. Bd5 Na4 18. Bxc6+ bxc6 19. Qxe5+ Be6 20. Qxd4 Qe7
21. Qxa4 Bd7 22. h4 Rg8 23. Nf4 Qf6 24. e5 Qh6 25. Kb1 Qg7 26. Nc4 Rb8 27. Rxd7
Kxd7 28. Rd1+ Kc7 29. Qa5+ Kb7 30. Qb6+ 1-0

[Event "Open Loire 2011-2012"]
[Site "LOIRE"]
[Date "2012.05.26"]
[Round "10.8"]
[White "Trottet, Francois"]
[Black "Buisson, Sebastien"]
[Result "0-1"]
[WhiteElo "1440"]
[BlackElo "1530"]
[PlyCount "59"]
[EventDate "2012.??.??"]

1. e4 c5 2. Nf3 d6 3. c3 Nf6 4. Qc2 Nc6 5. d4 e5 6. d5 Ne7 7. h3 a6 8. Be2 Ng6
9. Bg5 Be7 10. Nbd2 O-O 11. O-O h6 12. Bxf6 Bxf6 13. c4 Nf4 14. Bd1 Bd7 15. Re1
Qc8 16. Nh2 Be7 17. Qc3 f5 18. Qf3 fxe4 19. Qg3 Nd3 20. Nxe4 Nxe1 21. Bg4 Nc2
22. Bxd7 Qxd7 23. Rd1 Nd4 24. Rd2 b5 25. Ng4 Nf5 26. Qh2 bxc4 27. Nc3 Bg5 28.
Re2 Nd4 29. Re4 Bf4 30. g3 0-1

[Event "Open Loire 2011-2012"]
[Site "LOIRE"]
[Date "2012.05.26"]
[Round "10.9"]
[White "Jandeau, Cyril"]
[Black "Daillere, Roland"]
[Result "1-0"]
[WhiteElo "1480"]
[BlackElo "1230"]
[PlyCount "63"]
[EventDate "2012.??.??"]

1. f4 d5 2. Nf3 Nc6 3. e3 Bg4 4. Bb5 Qd6 5. O-O a6 6. Bxc6+ Qxc6 7. b3 Nf6 8.
Bb2 O-O-O 9. Na3 h5 10. Qe1 Qb6 11. Bd4 Qd6 12. Nb1 Bxf3 13. Rxf3 g6 14. d3 Re8
15. Nd2 Bh6 16. c4 c5 17. Be5 Qd7 18. Rc1 Rhg8 19. cxd5 Nxd5 20. Rxc5+ Nc7 21.
Rxc7+ Qxc7 22. Bxc7 Kxc7 23. Qc1+ Kb8 24. Qc5 e6 25. Nc4 Rc8 26. Qd6+ Rc7 27.
Nb6 Rgc8 28. Rf1 Bf8 29. Nd7+ Ka7 30. Nxf8 Rc6 31. Qd4+ Ka8 32. Nd7 1-0

[Event "Open Loire 2011-2012"]
[Site "LOIRE"]
[Date "2012.05.26"]
[Round "10.10"]
[White "Acikgoz, Tuncay"]
[Black "Barrandon, Georges"]
[Result "1-0"]
[WhiteElo "1310"]
[BlackElo "1450"]
[PlyCount "81"]
[EventDate "2012.??.??"]

1. e4 e5 2. f4 Nc6 3. Nf3 Bd6 4. Bc4 h6 5. O-O Nf6 6. Nc3 exf4 7. d3 Bc5+ 8.
Kh1 g5 9. Nd5 d6 10. Qe1 Be6 11. Qc3 Bxd5 12. Bxd5 Qe7 13. d4 g4 14. dxc5 gxf3
15. Bxc6+ bxc6 16. Rxf3 Kd7 17. cxd6 cxd6 18. Rxf4 Nxe4 19. Qe3 Rhe8 20. Bd2
Nxd2 21. Qxd2 Qf8 22. Raf1 Re7 23. Qb4 Kc7 24. Qa5+ Kd7 25. Rf6 Ke8 26. Qa6 Rc7
27. Qe2+ Kd8 28. Qe6 Re7 29. Qxd6+ Kc8 30. Qxc6+ Kb8 31. Qb5+ Rb7 32. Qxb7+
Kxb7 33. Rxf7+ Qxf7 34. Rxf7+ Kc6 35. Rf6+ Kd7 36. Rxh6 Re8 37. h3 Re1+ 38. Kh2
Re2 39. Rh7+ Kc6 40. Rxa7 Rxc2 41. b3 1-0

[Event "Open Loire 2011-2012"]
[Site "LOIRE"]
[Date "2012.05.26"]
[Round "10.11"]
[White "Ben Habchi, Nordine"]
[Black "Boeuf, Jeremy"]
[Result "0-1"]
[WhiteElo "1450"]
[BlackElo "1596"]
[PlyCount "44"]
[EventDate "2012.??.??"]

1. e4 d5 2. exd5 Qxd5 3. Nc3 Qa5 4. d4 Nf6 5. Bd2 c6 6. Nf3 Bg4 7. Ne4 Qc7 8.
Nxf6+ gxf6 9. Be2 Bg7 10. O-O Nd7 11. c4 O-O-O 12. d5 Bxf3 13. Bxf3 Ne5 14. Bf4
e6 15. Qa4 Nxf3+ 16. gxf3 Qxf4 17. Qxa7 Rhg8 18. Qa8+ Kc7 19. Qa5+ Kb8 20. Rfd1
Bh6+ 21. Kf1 Qxc4+ 22. Ke1 Rg1# 0-1

[Event "Open Loire 2011-2012"]
[Site "LOIRE"]
[Date "2012.05.26"]
[Round "10.12"]
[White "Rogues, Jean-Luc"]
[Black "Pogosian, Gor"]
[Result "1-0"]
[WhiteElo "1410"]
[BlackElo "1170"]
[PlyCount "85"]
[EventDate "2012.??.??"]

1. d4 d5 2. c4 e6 3. Nc3 Nf6 4. e3 c5 5. Nf3 cxd4 6. exd4 Qa5 7. a3 Bxa3 8.
Rxa3 Qb4 9. Qa4+ Nc6 10. Ne5 Qxa4 11. Nxa4 Nxd4 12. Bd3 dxc4 13. Nxc4 b5 14.
Nd6+ Ke7 15. Nxb5 Ba6 16. Nxd4 Bxd3 17. Rxd3 Rac8 18. O-O Rhd8 19. Rfd1 Ne4 20.
Be3 Nc5 21. Nxc5 Rxc5 22. Nxe6 Rxd3 23. Bxc5+ Kxe6 24. Rxd3 a5 25. f3 f5 26.
Kf2 g5 27. g3 h5 28. Ke3 Ke5 29. Bd6+ Ke6 30. f4 gxf4+ 31. Bxf4 Kf6 32. Rd6+
Ke7 33. Kd4 Kf7 34. Ke5 Kg7 35. Bh6+ Kf7 36. Kxf5 h4 37. Re6 hxg3 38. hxg3 a4
39. g4 a3 40. bxa3 Kg8 41. Re7 Kh8 42. Kg6 Kg8 43. Re8# 1-0

[Event "Open Loire 2011-2012"]
[Site "LOIRE"]
[Date "2012.05.26"]
[Round "10.13"]
[White "Poyet, Louis"]
[Black "Brachet, Gerard"]
[Result "0-1"]
[WhiteElo "1160"]
[BlackElo "1350"]
[PlyCount "62"]
[EventDate "2012.??.??"]

1. e4 e5 2. Nf3 Nc6 3. Bc4 Nf6 4. Ng5 d5 5. exd5 Nxd5 6. Nxf7 Kxf7 7. Qf3+ Ke6
8. Nc3 Ncb4 9. Qe4 c6 10. d4 Nxc2+ 11. Kd1 Qd6 12. Bg5 Kd7 13. Qg4+ Kc7 14.
Kxc2 Bxg4 15. g3 Qg6+ 16. Bd3 Nb4+ 17. Kb3 Qxg5 18. Ne4 Be6+ 19. Ka3 Nxd3+ 20.
b4 Qe7 21. Rab1 Nxb4 22. Nc5 Nc2+ 23. Kb2 Nxd4 24. Rbc1 b6 25. Rhe1 bxc5 26.
Rxe5 Rb8+ 27. Ka1 Qf6 28. f4 Nf3 29. h4 Nxe5 30. fxe5 Qxe5+ 31. Rc3 Qxc3# 0-1